| 000 | 00685nam a2200229 i 4500 | ||
|---|---|---|---|
| 001 | 105871 | ||
| 003 | ES-MaACL | ||
| 005 | 20250724094353.0 | ||
| 007 | t| | ||
| 008 | 060905s1964 mx ||||1| spa d | ||
| 080 | _a912(100) | ||
| 245 | 0 | 0 | _aAtlas del mundo actual. |
| 250 | _a2ª ed. | ||
| 260 |
_aMéxico : _bCentro de Estudios y Documentación Sociales, _c1964. |
||
| 300 |
_a91 p. : _bil. ; _c19 cm. |
||
| 490 | 1 |
_aManuales de educación cívica ; _v15 |
|
| 500 | _aBiblioteca Juan Andrade. | ||
| 650 | 7 |
_aAtlas _2embne _910407 |
|
| 830 | 0 |
_aManuales de educación cívica _v15 _9185133 |
|
| 852 |
_aES-MaACL _jAND-696 _bR.109992 |
||
| 999 |
_c105871 _d105871 |
||